000 00387nam a22001577a 4500
003 SGT
020 _a9788180387302
082 _a340,MUL
100 _aMULLA, DINSHAH FARDUNJI.
245 _aTHE SALE OF GOODS ACT AND THE INDIAN PARTNERSHIP ACT
250 _a10TH
260 _aNEW DELHI
_bLEXIS NEXIS
_c2015
300 _a333
650 _aTHE INDIAN PARTNERSHIP
942 _2ddc
_cBK
_08
999 _c10264
_d10264